The Selective Voet being the Commentary on the Pandects (Record no. 2866)

MARC details
000 -LEADER
fixed length control field 00483nam a22001577a 4500
005 - DATE AND TIME OF INPUT
control field 20240827132910.0
008 - DATA ELEMENTS--GENERAL INFORMATION
fixed length control field 240827b |||||||| |||| 00| 0 eng d
041 ## - LANGUAGE CODE
Language code of text English
082 ## - SHELF NUMBER
DDC number 349 SEL
100 ## - MAIN AUTHOR
Language of a work English
245 ## - TITLE STATEMENT
Title The Selective Voet being the Commentary on the Pandects
260 ## - PUBLICATION, DISTRIBUTION, ETC.
Place of publication, distribution, etc. London:
Name of publisher, distributor, etc. Butterworth and Company Publishers Ltd,
Date of publication, distribution, etc. 1958
300 ## - PHYSICAL DESCRIPTION
Other physical details 327 pages;
Dimensions 28 cm.
650 ## - SUBJECT`
Broad subject Legal practice
Own subject terms Law
942 ## - ADDED ENTRY ELEMENTS (KOHA)
Item type Books
942 ## - ADDED ENTRY ELEMENTS (KOHA)
-- ALISON_BN_VRIES
Holdings
Source of classification or shelving scheme Not for loan Collection code Home library Current library Shelving location Date acquired Full call number Barcode Price effective from Koha item type
Dewey Decimal Classification   THE SELECTIVE VOET LAW SOCIETY OF NAMIBIA LIBRARY - WINDHOEK LAW SOCIETY OF NAMIBIA LIBRARY - WINDHOEK THE SELECTIVE VOET 08/27/2024 349 SEL LSN/2023/4101 08/27/2024 Books